书目信息 |
| 题名: |
治学杂语
|
|
| 作者: | 蒙文通 著 | |
| 分册: | ||
| 出版信息: | 成都 四川文艺出版社 2020 |
|
| 页数: | 232页 | |
| 开本: | 19cm | |
| 丛书名: | 旧书新觉 第一辑 | |
| 单 册: | ||
| 中图分类: | G795-53 , G795 | |
| 科图分类: | ||
| 主题词: | 治学方法--文集 | |
| 电子资源: | ||
| ISBN: | 978-7-5411-5588-8 | |
| 000 | 00910nam0 2200265 450 | |
| 001 | 2332941310 | |
| 005 | 20231105090937.66 | |
| 010 | @a978-7-5411-5588-8@b精装@dCNY68.00 | |
| 100 | @a20201225d2020 em y0chiy50 ea | |
| 101 | 0 | @achi |
| 102 | @aCN@b510000 | |
| 105 | @aa z 000yy | |
| 200 | 1 | @a治学杂语@AZhi Xue Za Yu@e理学札记@f蒙文通著 |
| 210 | @a成都@c四川文艺出版社@d2020 | |
| 215 | @a232页@c照片@d19cm | |
| 225 | 2 | @a旧书新觉 第一辑 |
| 330 | @a本作品包含蒙文通先生“治学杂语”“治学杂语增补”“理学札记”“理学札记补遗”“理学别札”等部分,为出版社编选。是蒙先生对儒家哲学的体认和通贯。由此书入,可稍窥中国传统学问的精义。‘。 | |
| 410 | 0 | @12001 @a旧书新觉 第一辑 |
| 517 | 1 | @a理学札记@ALi Xue Zha Ji |
| 606 | 0 | @a治学方法@j文集 |
| 690 | @aG795-53@v5 | |
| 690 | @aG795@v4 | |
| 701 | 0 | @a蒙文通@Ameng wen tong@f(1894-1968)@4著 |
| 801 | 0 | @aCN@b91MARC@c20201225 |
| 905 | @aZUCC@dG795@e5 | |
| 治学杂语:理学札记/蒙文通著.-成都:四川文艺出版社,2020 |
| 232页:照片;19cm.-(旧书新觉 第一辑) |
| ISBN 978-7-5411-5588-8(精装):CNY68.00 |
| 本作品包含蒙文通先生“治学杂语”“治学杂语增补”“理学札记”“理学札记补遗”“理学别札”等部分,为出版社编选。是蒙先生对儒家哲学的体认和通贯。由此书入,可稍窥中国传统学问的精义。‘。 |
| ● |
| 相关链接 |
|
|
|
正题名:治学杂语
索取号:G795/5
 
预约/预借
| 序号 | 登录号 | 条形码 | 馆藏地/架位号 | 状态 | 备注 |
| 1 | 2001039789 | 2001039789 | 悦读、辽宁混合/悦读天下/辽批180/ [索取号:G795/5] | 在馆 | |
| 2 | 2001039790 | 2001039790 | 悦读、辽宁混合/悦读天下/辽批180/ [索取号:G795/5] | 在馆 | |
| 3 | 2001039791 | 2001039791 | 悦读、辽宁混合/悦读天下/辽批180/ [索取号:G795/5] | 在馆 | |
| 4 | 2001039792 | 2001039792 | 悦读、辽宁混合/悦读天下/辽批180/ [索取号:G795/5] | 在馆 | |
| 5 | 2001039793 | 2001039793 | 悦读、辽宁混合/悦读天下/辽批180/ [索取号:G795/5] | 在馆 | |
| 6 | 2001039794 | 2001039794 | 悦读、辽宁混合/悦读天下/辽批180/ [索取号:G795/5] | 在馆 |